000 00639nam a2200241Ia 4500
003 OSt
005 20220918221345.0
006 a|||||r|||| 00| 0
007 ta
008 220917b |||||||| |||| 00| 0 eng d
024 _a149,511
037 _cTextual
040 _aARTS
_cARTS
_beng
041 _2eng
_aeng
082 _aT13:2, J1 (=)
100 _aWaechter Heinrich H
_9140217
245 0 _aSchools for the very young
260 _c1951
650 _aEDUCATION
700 _a Waechter Elisabeth
_9140218
942 _hT13:2, J1 (=)
_cTEXL
_2CC
999 _c272177
_d272177